| 000 | 00599cam a22002411 4500 | ||
|---|---|---|---|
| 001 | 6051177 | ||
| 005 | 20180216074613.0 | ||
| 008 | 750807s1955 enka b 000 0 eng | ||
| 010 | _a 55002148 | ||
| 015 | _aGB55-3918 | ||
| 035 | _a(OCoLC)1521032 | ||
| 040 |
_aDLC _cMdU-BC _dOCoLC _dUk _dDLC |
||
| 041 | _aeng | ||
| 042 | _apremarc | ||
| 080 | _a510 | ||
| 082 | _2510 WAR | ||
| 100 | 1 | _a36 | |
| 101 | _aMAT | ||
| 245 | 1 | 0 | _aLinearized theory of steady high-speed flow. |
| 504 | _aBibliography: p. 229-239. | ||
| 906 |
_a7 _bcbc _coclcrpl _du _encip _f19 _gy-gencatlg |
||
| 942 |
_2ddc _cBK |
||
| 999 |
_c42812 _d42812 |
||